| АИС "Историко-культурное наследие Беларуси" | ||
| Базовый | Расширенный | Профессиональный | Словарь персоналий | Тематический словарь | По видам объектов | История запросов Заказы | Регистрация | |
Запись в MARC-формате
| копировать MARC-запись |
=LDR 00000nx\\c2200205\\\45\\
=001 BY-NLB-ar57941
=005 20160330095637.4
=100 \\$a20001231arusy50\\\\\\ca0
=152 \\$apsbo
=160 \\$ae-bw
=215 \\$aКоханово, городской поселок (Толочинский район)
=300 1\$aВозникло до нач. 16 в. в Друцком княжестве. С 1565--1566 гг. - включено в Оршанский повет, с 1624 г. - местечко. С 1772 г. - в Российской империи в Копысском уезде Могилевской губернии. В нач. 20 в. - местечко, центр волости. В 1924--1931 гг. и в 1946--1956 гг. - центр Кохановского района, в 1931--1946 гг. и с 1956 г. - в Толочинском районе Витебской области, с 1947 г. - городской поселок.
=356 \\$aЦентр сельсовета в Толочинском районе Витебской области.
=801 \2$aBY$bBY-HM0000$c20061108
=801 \0$aBY$bBY-HM0000$c20001231
=801 \1$aBY$bBY-HM0000$c20040804
=810 \\$aБеларуская энцыклапедыя. Т. 8. – Мн., 1999.
=810 \\$aЕдиный реестр административно-территориальных и территориальных единиц Республики Беларусь : [электрон. ресурс : данные по состоянию на 08.11.2006].
=999 \\$g2786$t20061108
Чтобы вернуться назад, щелкните кнопку BACK на Вашем браузере